Finish the Radiohead Song Title - Statistics

General Stats
  • This quiz has been taken 124 times
  • The average score is 13 of 15
Answer Stats
Hint Answer % Correct
No Surprises
97%
Paranoid Android
96%
Blow Out
93%
Black Star
90%
Lotus Flower
89%
There, There
87%
The Tourist
85%
In Limbo
84%
Pyramid Song
82%
Glass Eyes
81%
Present Tense
81%
Nice Dream
79%
Fitter Happier
79%
Faust Arp
78%
Ful Stop
72%
No matching quizzes found
Score Distribution
Percent of People with Each Score
Percentile by Number Answered
Your Score History
You have not taken this quiz